| 000 | 00574nam a22002177a 4500 | ||
|---|---|---|---|
| 005 | 20170124110011.0 | ||
| 010 | _a709469 | ||
| 020 | _c00.00 | ||
| 035 | _a709469 | ||
| 037 | _bCen Lib/Ret | ||
| 040 |
_aDPL _bEN |
||
| 082 |
_a070.1 _bGHO |
||
| 100 |
_aGhosh, Kedar _917740 |
||
| 245 |
_aFreedom or fraud of the press / _cby Kedar Ghosh |
||
| 260 |
_aDelhi _bRup & co _c1973 |
||
| 270 |
_b Delhi _apataudi house road |
||
| 300 |
_avii,126p. _c21cm(Hb) |
||
| 650 |
_aJournalism _985332 |
||
| 650 |
_aPress _917742 |
||
| 942 |
_2ddc _cEN _h070.1 _mGHO |
||
| 999 |
_c126520 _d126520 |
||